Sociálne služby

Pri výkone samosprávy plnia obce úlohy aj v oblasti sociálnej pomoci. Obec ako verejný poskytovateľ sociálnych služieb zabezpečuje a poskytuje sociálne služby pre svojich občanov v nepriaznivej situácii. Rozdelenie, formy a poskytovatelia sociálnych služieb.

Gespeichert in:
Bibliographische Detailangaben
1. Verfasser: Kružliaková, Ivana
Format: Buchkapitel
Sprache:Slowakisch
Schlagworte:
Tags: Tag hinzufügen
Keine Tags, Fügen Sie das erste Tag hinzu!

MARC

LEADER 00000naa a2200000 4500
001 0300541
005 20240531121808.2
041 0 |a slo 
044 |a SK 
245 1 0 |a Sociálne služby  |c Ivana Kružliaková 
520 |a Pri výkone samosprávy plnia obce úlohy aj v oblasti sociálnej pomoci. Obec ako verejný poskytovateľ sociálnych služieb zabezpečuje a poskytuje sociálne služby pre svojich občanov v nepriaznivej situácii. Rozdelenie, formy a poskytovatelia sociálnych služieb. 
610 2 0 |a služby sociálne 
610 2 0 |a obce 
610 2 0 |a samospráva 
610 2 0 |a pomoc sociálna 
610 2 0 |a zákony 
100 1 |a Kružliaková, Ivana